00309nam a2200109Ia 4500008004100000041000800041082001400049100001900063245004500082260004100127300003100168240624s9999 xx 000 0 und d aeng a658.5 ASK aASKIN RONALD G aDESIGN AND ANALYSIS OF LEAN PRODUCTION S c2003aNew DelhibJohn Wiley and Sons axiv, : 533 : p. : cm. ; 24